• 首页
  • 本馆介绍
  • 公告通知
  • 最新文献
  • 馆藏检索
  • 电子资源
  • 读者导购
  • 参考咨询
  • 我的图书馆
  • 登录
  • 详细信息显示
  • 放入我的书架
  • 预约/预借图书
  • 作者相关作品
  • 分类相关作品
  • 丛书相关作品
  • 出版社相关作品

书目信息

  • 表格格式
  • 工作单格式
  • 卡片格式
题名:
当HR经理遇上资深律师
    
 
作者: 刘红宇 , 安瑞超 著
分册:  
出版信息: 北京   法律出版社  2014
页数: 313页
开本: 24cm
丛书名: 人力资源法务管理丛书
单 册:
中图分类: D922.504
科图分类:
主题词: 劳动法--Lao Dong Fa--基本知识--中国
电子资源:
ISBN: 978-7-5118-5289-2
000 01199nam0 22002891 450
001 0101082514
005 20161201102402.31
010    @a978-7-5118-5289-2@dCNY48.00
100    @a20140228d2014 em y0chiy50 ea
101 0  @achi
102    @aCN@b110000
105    @ay z 000yy
106    @ar
200 1  @a当HR经理遇上资深律师@ADang HRJing Li Yu Shang Zi Shen Lv Shi@dThe HR manager meet senior lawyer@e最新企业人力资源管理全书@f刘红宇,安瑞超著@zeng
210    @a北京@c法律出版社@d2014
215    @a313页@d24cm
225 2  @a人力资源法务管理丛书@ARen Li Zi Yuan Fa Wu Guan Li Cong Shu
330    @a本书介绍了劳动法律法规与公司规章制度、招聘员工的法律风险及其防范、劳动合同的选择和签订、集体合同的运用、试用期间的管理、劳动合同的变更、劳动合同的解除、劳动合同终止等内容。
461  0 @12001 @a人力资源法务管理丛书
510 1  @aHR manager meet senior lawyer@zeng
517 1  @a最新企业人力资源管理全书@AZui Xin Qi Ye Ren Li Zi Yuan Guan Li Quan Shu
606 0  @a劳动法@ALao Dong Fa@x基本知识@y中国
690    @aD922.504@v5
701  0 @a刘红宇@ALiu Hong Yu@f(1970~)@4著
701  0 @a安瑞超@AAn Rui Chao@4著
801  0 @aCN@bTANGWEI@c20161128
905    @b0952052-6@dD922.504@e1492@f5
    
    当HR经理遇上资深律师=The HR manager meet senior lawyer:最新企业人力资源管理全书/刘红宇,安瑞超著.-北京:法律出版社,2014
    313页;24cm.-(人力资源法务管理丛书)
    
    
    ISBN 978-7-5118-5289-2:CNY48.00
    本书介绍了劳动法律法规与公司规章制度、招聘员工的法律风险及其防范、劳动合同的选择和签订、集体合同的运用、试用期间的管理、劳动合同的变更、劳动合同的解除、劳动合同终止等内容。
●
相关链接 在E读中查询图书 在五车中查询图书 在当当中查询图书 在豆瓣中查询图书


正题名:当HR经理遇上资深律师     索取号:D922.504/1492         预约/预借

序号 登录号 条形码 馆藏地/架位号 状态 备注
1 0952052   209520525   第一样本阅览室/ [索取号:D922.504/1492] 在馆    
2 0952053   209520534   第一借阅区/ [索取号:D922.504/1492] 在馆    
3 0952054   209520543   第一借阅区/ [索取号:D922.504/1492] 在馆    
4 0952055   209520552   第一借阅区/ [索取号:D922.504/1492] 在馆    
5 0952056   209520561   密集书库-史法系/ [索取号:D922.504/1492] 在馆    
唐山师范学院图书馆 欢迎您!
大连网信软件有限公司© 版权所有